000 00299nam a22001217a 4500
020 _a0-07-057449-9
082 _a621.3815284 DES'E
100 _aEVANS, ARTHER D
_975699
245 _aDESIGNING WITH FIELD EFFECT TRANSISTORS
260 _aNEWYORK
_bMCGRAW HILL
_c1981
300 _a293P
942 _cBK
999 _c581091
_d581091